000
00298nam a22001097a 4500
008
230626b xxu||||| |||| 00| 0 eng d
082
_2
2
_a
337
_b
NAB 1978
245
_a
The Political Economy of Imperialism
260
_a
Tanzania
_b
Tanzania Publishing House
_c
1977
300
_a
IX,301p
942
_2
ddc
_c
BK
999
_c
2776
_d
2776